LEADER 00867nam a2200229 i 4500 001 000000233364 003 CaOOAMICUS 005 20140919000000.0 008 140919s1885 it u000 u ita u 013 $a212267 040 $aSeMil$bita 100 1 $aRegazzoni, Innocenzo <1823-1899>.$0(OLS)http://semarc/name/93962 245 10$aPaleontologia /$cdi Innocenzo Regazzoni. 260 $aMilano :$bUlrico Hoepli,$c1885. 300 $a250 p. ;$c16 cm. 490 0 $aManuali Hoepli ;$v52. 650 4$aPaleontologia.$0(OLS)http://semarc/subject/8488 830 0$aManuali Hoepli ;$v52.$0(OLS)http://semarc/title/7639 850 $aSeMil 852 $aSeMil$W1$xVenegono$y1$m2ZA I 23 FA$j183710$B183710$CSeMilBibl$Z2$F194446 $8I 996 $6245$aPaleontologia$9(OLS)http://semarc/title/217468 996 $6260$aMilano :$bUlrico Hoepli$9(OLS)http://semarc/publisher/29765 LEADER 01000nam a2200229 i 4500 001 000000048103 003 CaOOAMICUS 005 20120426000000.0 008 120426s1962 it u000 u ita u 013 $a19273 040 $aSeMil$bita 100 1 $aRoatta, Giovanni.$0(OLS)http://semarc/name/23870 245 13$aLa Parola del Signore :$bmistero di salvezza /$cGiovanni Roatta. 260 $aMilano :$bEdizioni Paoline,$cstampa 1962. 300 $a775 p., [8] p. di tav. :$bill. ;$c20 cm. 490 0 $aSit pax et veritas in diebus meis (IV Re 20,19) ;$v10 650 4$aVerbo divino.$0(OLS)http://semarc/subject/4705 830 0$aSit pax et veritas in diebus meis (IV Re 20,19) ;$v10.$0(OLS)http://semarc/title/253 850 $aSeMil 852 $aSeMil$W1$xVenegono$y1$m2D II 140$j14258$B14258$CSeMilBibl$Z2$F14258 $81 996 $6245$aLa Parola del Signore :$bmistero di salvezza$9(OLS)http://semarc/title/72698 996 $6260$aMilano :$bEdizioni Paoline$9(OLS)http://semarc/publisher/32841